| 000 | 00618nam a22002057a 4500 | ||
|---|---|---|---|
| 999 |
_c14579 _d14579 |
||
| 003 | AR-CdUCM | ||
| 008 | 190423b ||||| |||| 00| 0 spa d | ||
| 020 | _a978-84-9101-144-6 | ||
| 040 |
_aMUNICIPALIDAD PROVINCIAL DEL CUSCO _cBIBLIOTECA MUNICIPAL DEL CUSCO |
||
| 041 | _heng | ||
| 082 |
_aPI / 376.1 / _bC73 |
||
| 110 |
_aCaterpillar books _933106 |
||
| 245 | _aAsómate a la selva / | ||
| 260 |
_aBarcelona : _bCombel, _c2015. |
||
| 300 |
_a10 páginas ; _bIlustraciones, _c21.5 cm. |
||
| 650 |
_aLiteratura infantil _9588 |
||
| 650 |
_aCuento infantil _93319 |
||
| 942 |
_2ddc _cLIBROS |
||
| 945 |
_aacv _d2019-04-23 |
||